Property tax (Record no. 116297)
[ view plain ]
| 000 -LEADER | |
|---|---|
| fixed length control field | 00919cam a2200205 4500 |
| 001 - CONTROL NUMBER | |
| control field | L160247 |
| 008 - FIXED-LENGTH DATA ELEMENTS--GENERAL INFORMATION | |
| fixed length control field | 190529n2019 000 0 eng u |
| 020 ## - INTERNATIONAL STANDARD BOOK NUMBER | |
| International Standard Book Number | 9780429431845 |
| 035 ## - SYSTEM CONTROL NUMBER | |
| System control number | (Sirsi) u160247 |
| 041 ## - LANGUAGE CODE | |
| Language code of text/sound track or separate title | eng |
| 100 ## - MAIN ENTRY--PERSONAL NAME | |
| Personal name | McCluskey, William |
| 245 ## - TITLE STATEMENT | |
| Title | Property tax |
| Medium | [electronic resource] |
| 260 ## - PUBLICATION, DISTRIBUTION, ETC. | |
| Place of publication, distribution, etc. | Abingdon |
| Name of publisher, distributor, etc. | Routldge |
| Date of publication, distribution, etc. | 2019 |
| 520 ## - SUMMARY, ETC. | |
| Summary, etc. | Provides a comparative analysis of property taxation across a number of countries. Focuses on Singapore, Hong Kong, Pakistan, Thailand, Botswana, Zimbabwe, Thailand, Botswana, Zimbabwe, Netherlands, Brazil, New Zealand, Australia, South Africa, Kenya, Poland, Hungary and Czech Republic |
| 520 ## - SUMMARY, ETC. | |
| Summary, etc. | Updates Compative property tax systems ISBN 1856281337 1881 |
| 651 #4 - SUBJECT ADDED ENTRY--GEOGRAPHIC NAME | |
| Geographic name | ENGLAND AND WALES |
| 690 ## - LOCAL SUBJECT ADDED ENTRY--TOPICAL TERM (OCLC, RLIN) | |
| Topical term or geographic name as entry element | Finance and taxation |
| 856 40 - ELECTRONIC LOCATION AND ACCESS | |
| Uniform Resource Identifier | <a href="https://www.vlebooks.com/">https://www.vlebooks.com/</a> |
| Public note | View on VLEbooks. Logins for members only from [email protected] |
| 942 ## - ADDED ENTRY ELEMENTS (KOHA) | |
| Suppress in OPAC | 0 |
| Withdrawn status | Lost status | Source of classification or shelving scheme | Damaged status | Not for loan | Home library | Current library | Shelving location | Date acquired | Total Checkouts | Full call number | Barcode | Date last seen | Copy number | Price effective from | Koha item type |
|---|---|---|---|---|---|---|---|---|---|---|---|---|---|---|---|
| Dewey Decimal Classification | London | London | Online | 29/05/2019 | ONLINE PUBLICATION | 160247-1001 | 06/08/2019 | 1 | 06/08/2019 | Book |